Normal view
MARC view
Entry Personal Name
001 - CONTROL NUMBER
- control field: 16073
003 - CONTROL NUMBER IDENTIFIER
- control field: ARRUPE
005 - DATE AND TIME OF LATEST TRANSACTION
- control field: 20150310120705.0
008 - FIXED-LENGTH DATA ELEMENTS
- fixed length control field: 150310|| aca||aabn | a|a d
040 ## - CATALOGING SOURCE
- Original cataloging agency: ARRUPE
- Transcribing agency: ARRUPE
100 ## - HEADING--PERSONAL NAME
- Personal name: Dorsten, J.A. Van (ed.)
670 ## - SOURCE DATA FOUND
- Source citation: Work cat.: (ARRUPE): Sidney, Phillip 16072, Sidney a defence of poetry, 1966